Localisation des principaux pays en géo 1 - Statistiques

Statistiques générales
  • Ce quiz a été pris 12 fois
  • Le résultat moyen est 33 sur 40
Réponses sur la Carte
Les réponses sont colorées sur une échelle allant du rouge au vert en fonction du pourcentage des utilisateurs qui les ont devinées à leur premier essai. Vous pouvez retrouver ces pourcentages ci-dessous.
 
Statistiques - réponses
Réponse % Correct
Afrique du Sud
100%
Algérie
100%
Australie
100%
Canada
100%
Chine
100%
Inde
100%
Maroc
100%
Mexique
100%
Russie
100%
USA
100%
Arabie-Saoudite
92%
Argentine
92%
Brésil
92%
Colombie
92%
Japon
92%
Egypte
92%
Indonésie
92%
Iran
92%
Philippines
92%
République démocratique du congo
92%
Thailande
92%
Turquie
92%
Vietnam
92%
Chili
83%
Corée du Sud
83%
Ethiopie
83%
Pakistan
83%
Pérou
83%
Kazakhstan
75%
Nigéria
75%
Venezuela
75%
Corée du Nord
67%
Malaisie
58%
Qatar
58%
Taiwan
58%
Bangladesh
50%
Emirats Arabes Unis
50%
Israel
42%
Singapour
33%
Groenland
25%
Aucun quiz correspondant
Distribution des résultats
% des personnes avec chaque résultat
Percentile par nombre de réponses
Votre historique - résultats
Vous n’avez pas pris ce quiz